000
00330nam a2200133Ia 4500
008
210210b1976 xxu||||| |||| 00| 0 eng d
082
_a
320.55 SHRI
100
_a
SHRIMAN NARAYAN.
245
_a
India needs gandhi.
260
_a
ND
_b
S. Chand & Co. Ltd.
_c
1976
300
_a
vi,150
690
_a
Political Thought
906
_a
034141
999
_c
84937
_d
84937